Propuesta de intervención urbano - arquitectónica de los asentamientos humanos Villa Holanda, Pinolero y anexo Luis Alfonso Velázquez II, distrito III de Managua

Presenta un marco de referencia del contexto urbano en el que se sitúan los asentamientos de estudio, se determinan los criterios técnicos urbanos y arquitectónicos aplicados a los asentamientos por medio del estudio de modelos analógicos nacionales e internacionales, se desarrollan estrategias...

Full description

Bibliographic Details
Main Authors: Aguilar Arriola, Erasmo José, González González, Mabel Jaqueline, Membreño Fernández, Marla Yahoska de los Ángeles
Other Authors: Tutor: Rosales Rivera, Benjamin
Format: Tesis Section = Libro
Language:Undetermined
Spanish
Published: Managua UNI 2008
Subjects:
LEADER 01528nam a2200265Ia 4500
008 240830s9999 xx 000 0 und d
040 |a BIBLIOTECA-RUSB/ Mon 711.4 A283 
041 |a spa 
082 |a Mon 711.4 A283 
100 1 |a Aguilar Arriola, Erasmo José 
100 1 |b  González González, Mabel Jaqueline 
100 1 |c  Membreño Fernández, Marla Yahoska de los Ángeles 
245 1 0 |a Propuesta de intervención urbano - arquitectónica de los asentamientos humanos Villa Holanda, Pinolero y anexo Luis Alfonso Velázquez II, distrito III de Managua 
260 |a Managua  |b UNI  |c 2008 
300 |a 156 p. :il. 
500 |a Contiene: anexos. 
502 |a Tesis (Arquitecto) - UNI, 2008. 
520 3 |a Presenta un marco de referencia del contexto urbano en el que se sitúan los asentamientos de estudio, se determinan los criterios técnicos urbanos y arquitectónicos aplicados a los asentamientos por medio del estudio de modelos analógicos nacionales e internacionales, se desarrollan estrategias de intervención urbanas para los asentamientos estudiados, generando una variedad de soluciones sobre la base de la consideración de alternativas de solución a los problemas identificados en el diagnóstico urbano. 
650 7 |a URBANISMO - MEJORAMIENTO URBANO 
650 7 |b  RENOVACION URBANA - PLANIFICACION DEL ESPACIO 
650 7 |c  PLANOS ARQUITECTÓNICOS - MANAGUA - ASENTAMIENTOS HUMANOS 
700 1 |a Tutor:  |b Rosales Rivera, Benjamin 
942 |c BK  |2 ddc 
991 |a TESIS 
999 |c 20867